El pacto local (Registro nro. 159105)
[ vista simple ]
| 000 -LEADER | |
|---|---|
| fixed length control field | 01241ny a22002893n 4500 |
| 008 - FIXED-LENGTH DATA ELEMENTS--GENERAL INFORMATION | |
| fixed length control field | 070529s2007 sp spa |
| 020 ## - INTERNATIONAL STANDARD BOOK NUMBER | |
| International Standard Book Number | 9788495748874 |
| 035 ## - | |
| -- | 2578 |
| 040 ## - CATALOGING SOURCE | |
| Original cataloging agency | BP-TF |
| Modifying agency | vLex |
| 080 ## - | |
| -- | 352/353(649) |
| 090 ## - | |
| -- | 582 |
| -- | 582 |
| 100 1# - MAIN ENTRY--PERSONAL NAME | |
| Personal name | Rodríguez-Arana Muñoz, Xaime |
| 245 13 - TITLE STATEMENT | |
| Title | El pacto local |
| Medium | [Recurso electrónico] |
| Remainder of title | : especial referencia a Canarias / |
| Statement of responsibility, etc | por Jaime Rodríguez-Arana |
| 250 ## - | |
| -- | 2. ed. |
| 256 ## - | |
| -- | Servicio en línea |
| 260 ## - PUBLICATION, DISTRIBUTION, ETC. (IMPRINT) | |
| Place of publication, distribution, etc | Madrid : |
| Name of publisher, distributor, etc | DIJUSA, |
| Date of publication, distribution, etc | 2007 |
| 300 ## - PHYSICAL DESCRIPTION | |
| Extent | 126 p. ; |
| Dimensions | 23 cm |
| 500 ## - GENERAL NOTE | |
| General note | En la port.: Instituto Canario de Administración Pública, Gobierno de Canarias |
| 506 1# - RESTRICTIONS ON ACCESS NOTE | |
| Terms governing access | Contenido solo disponible en los productos indicados |
| Authorized users | vLex Global |
| -- | vLex Global (Academic Edition, excluding Law Schools) |
| -- | vLex Global (U.S. Academic Edition, Law Schools) |
| -- | vLex Global (U.S. Academic Edition, excluding Law Schools) |
| -- | vLex Global (Academic Edition, Law Schools) |
| 650 07 - SUBJECT ADDED ENTRY--TOPICAL TERM | |
| Source of heading or term | Tesauro vLex |
| Topical term or geographic name as entry element | Administrativo |
| 650 07 - SUBJECT ADDED ENTRY--TOPICAL TERM | |
| Source of heading or term | Tesauro vLex |
| Topical term or geographic name as entry element | Actividad administrativa |
| 650 07 - SUBJECT ADDED ENTRY--TOPICAL TERM | |
| Source of heading or term | Tesauro vLex |
| Topical term or geographic name as entry element | Acto administrativo |
| 740 0# - | |
| -- | vLex Libros (Servicios en línea) |
| 856 40 - LOCALIZACIÓN Y ACCESO ELECTRÓNICO | |
| Identificador Uniforme del Recurso (URI/URL) | https://app.vlex.com/#/sources/pacto-local-2578 |
| 942 ## - | |
| -- | RAA |
| 999 ## - | |
| -- | 159105 |
| -- | 159105 |
No hay ítems disponibles.